| 000 | 01705nam a2200421 i 4500 | ||
|---|---|---|---|
| 001 | 14558206 | ||
| 003 | EG-ScBUE | ||
| 005 | 20230406093512.0 | ||
| 008 | 060919s2007 enka f bf 001 0 eng d | ||
| 020 | _a9780750682251 (pbk.) | ||
| 020 | _a0750682256 (pbk.) | ||
| 035 | _a(OCoLC)ocm72868451 | ||
| 040 |
_aUKM _beng _erda _cUKM _dBAKER _dBWKUK _dYDXCP _dDLC _dEG-ScBUE |
||
| 082 | 0 | 4 |
_a720.71141 _222 _bCRI |
| 245 | 0 | 4 |
_aThe crit : _ban architecture student's handbook / _cRosie Parnell, [and three others] |
| 250 | _aSecond edition. | ||
| 264 | 1 |
_aLondon : _aNew York : _bRoutledge, _c2007. |
|
| 300 |
_axvii, 149 pages : _billustrations ; _c22 cm. |
||
| 336 |
_2rdacontent _atext _btxt |
||
| 337 |
_2rdamedia _aunmediated _bn |
||
| 338 |
_2rdacarrier _avolume _bnc |
||
| 490 | 0 | _aSeriously useful guides | |
| 500 | _aRev. ed. of: The crit. 2000. | ||
| 500 | _aPrevious ed. edited by Charles Doidge, 2000. | ||
| 504 | _aIncludes bibliographical references and index. | ||
| 650 | 7 |
_aArchitectural design _xStudy and teaching _vHandbooks, manuals, etc. _2BUEsh |
|
| 650 | 7 |
_aArchitectural design _xEvaluation _vHandbooks, manuals, etc. _2BUEsh |
|
| 650 | 7 |
_aArchitectural studios _vHandbooks, manuals, etc. _2BUEsh |
|
| 650 | 7 |
_aCommunication in architectural design _vHandbooks, manuals, etc. _2BUEsh |
|
| 653 |
_bART _cApril2023 |
||
| 655 | _vReading book | ||
| 700 | 1 |
_aParnell, Rosie, _eauthor. |
|
| 730 | 0 | _aCrit. | |
| 856 | 4 | 2 |
_3Publisher description _uhttp://www.loc.gov/catdir/enhancements/fy0713/2006934998-d.html |
| 906 |
_a7 _bcbc _ccopycat _d2 _encip _f20 _gy-gencatlg |
||
| 942 |
_2ddc _cBB |
||
| 999 |
_c30279 _d30250 |
||